MARC

LEADER 00000nam0a2200000 4500
001 305253
005 20231102001801.0
020 |a RU  |b 83-56877ж 
035 |a (RuTPU)RU\TPU\book\330520 
090 |a 305253 
100 |a 20150925c1983 k y0rusy5003 ca 
101 0 |a rus 
102 |a RU 
105 |a y z 001zy 
200 1 |a Научное управление обществом  |h Вып. 16  |f Академия общественных наук при ЦК КПСС ; под ред. Л. К. Науменко 
210 |a Москва  |c Мысль  |d 1983 
215 |a 285 с. 
306 |a Изд. выходит с 1967 г. 
320 |a Библиография в ссылках. 
606 1 |a Управление обществом при социализме  |2 stltpush  |3 (RuTPU)RU\TPU\subj\37992  |9 58730 
610 1 |a научное управление 
610 1 |a общество 
610 1 |a методологические проблемы 
610 1 |a общественные процессы 
610 1 |a социальное управление 
610 1 |a руководство 
610 1 |a прогрессивные методы 
610 1 |a трудовые коллективы 
610 1 |a конечные результаты 
686 |a С55.372  |2 rubbk 
702 1 |a Науменко  |b Л. К.  |g Лев Константинович  |4 340 
712 0 2 |a Академия общественных наук при ЦК КПСС  |2 stltpush  |3 (RuTPU)RU\TPU\col\11311  |9 25033 
801 0 |a RU  |b RuMRKP  |c 19950704  |g psbo 
801 1 |a RU  |b 63413507  |c 20150925 
801 2 |a RU  |b 63413507  |c 20180626  |g RCR 
942 |c BK